000 00792nam a22002297a 4500
008 131028b xxu||||| |||| 00| 0 alb d
020 _a9789994314621
041 0 _aalb
080 _a323.1
_x(=18:496.51) (047)
100 1 _9Milo, Paskal
245 1 0 _aKosova, nga Rambuje në pavarësi :
_cPaskal Milo.
260 _aTiranë :
_bToena ;
_c2009.
300 _a275 f. ;
_b20 cm.
500 _aBotohet me rastin e 1-vjetoit të Pavarësisë së Kosovës dhe 10-vjetorit të Konferencës së Rambujesë
500 _aParathënie : f. [9]-11
505 _aIndeksi i emrave : f. 269-275
650 0 _aÇështja e Kosovës
650 0 _aKosova
_xMarrëdhëniet me jashtë
650 0 _aMarrëveshja e Rambujesë
650 0 _aIntervistat
_y1997-2008
942 _2udc
_cBK
999 _c156
_d156